Statistics for Liverpool Top 10 Leaders

Click here to take the quiz!

General Stats

  • This quiz has been taken 233 times
    (189 since last reset)
  • The average score is 8 of 18

Answer Stats

GoalsAppsPlayer% Correct
186710Steven Gerrard
97%
204332Mohamed Salah
91%
346660Ian Rush
85%
5737Jamie Carragher
77%
172515Kenny Dalglish
73%
158297Michael Owen
66%
183369Robbie Fowler
66%
285492Roger Hunt
32%
68857Ian Callaghan
29%
14620Alan Hansen
22%
0665Ray Clemence
21%
0628Bruce Grobbelaar
20%
228534Billy Liddell
19%
59650Phil Neal
17%
49665Emlyn Hughes
14%
241377Gordon Hodgson
14%
48638Tommy Smith
14%
151339Harry Chambers
7%

Score Distribution

Percentile by Number Answered

Percent of People with Each Score

Your Score History

You have not taken this quiz since the last reset